Loading...
| Popular Culture | 0 | 3 | 0 | 0 | 30 | 12 | 32.33 | 2 | 2 | 43.73 | 42.50 |
| Literature - British | 0 | 3 | 0 | 0 | 30 | 77 | 92.33 | 0 | 0 | 4.21 | 8.04 |
| Literature - World | 0 | 2 | 0 | 0 | 20 | 57 | 69.50 | 0 | 2 | 8.59 | 18.06 |
| Mythology | 0 | 2 | 0 | 0 | 20 | 87 | 91.00 | 0 | 2 | 5.58 | 19.44 |
| Science - Biology | 0 | 2 | 0 | 0 | 20 | 46 | 54.50 | 0 | 2 | 9.96 | 19.44 |
| Fine Arts - Other | 0 | 2 | 0 | 0 | 20 | 100 | 105.00 | 1 | 2 | 0.32 | 16.47 |
| Science - Other | 0 | 1 | 0 | 1 | 10 | 111 | 111.00 | 0 | 0 | 1.98 | 6.94 |
| Social Science | 0 | 1 | 0 | 0 | 10 | 89 | 89.00 | 0 | 0 | 2.62 | 5.36 |
| Fine Arts - Painting and Sculpture | 0 | 1 | 0 | 0 | 10 | 78 | 78.00 | 0 | 0 | 3.57 | 6.94 |
| History - European | 0 | 1 | 0 | 1 | 10 | 114 | 114.00 | 0 | 0 | 0.00 | 0.84 |
| Literature - American | 0 | 1 | 0 | 0 | 10 | 96 | 96.00 | 0 | 0 | 5.49 | 12.50 |
| Literature - European | 0 | 1 | 0 | 0 | 10 | 93 | 93.00 | 0 | 0 | 2.97 | 4.17 |
| Religion | 0 | 1 | 0 | 1 | 10 | 119 | 119.00 | 0 | 0 | 0.00 | 1.39 |
| Science - Physics | 0 | 0 | 1 | 0 | -5 | 0.00 | 0 | 0 | 0.00 | 0.00 | |
| Fine Arts - Classical Music | 0 | 0 | 2 | 0 | -10 | 0.00 | 0 | 0 | 0.00 | 0.00 |